000 00501ntaaa2200181 4500
003 01
005 20251027202952.0
008 0714s1973 ag 01
040 _aAR-BaBN
_bspa
_cAR-BaBN
_eaacr
_dRIC
082 _a973.2200 B72b
100 _aBradford, William
_930591
245 _aBradford's history "Of Plimoth Plantation" from the original manuscript
250 _a1 ed.
260 _aBoston :
_bWright Potter,
_c1928
300 _a555 p
650 _aPlimouth Colonia EE.UU.
_930592
942 _cBK
999 _c25071
_d25071